History General Knowledge #19 - Statistics

General Stats
  • This quiz has been taken 190 times
  • The average score is 9 of 20
Answer Stats
Hint Answer % Correct
Who was the leader of the Bolsheviks during the Russian Revolution of 1917? Vladimir Lenin
87%
What medieval warrior queen led the French army to victory during the Hundred Years' War? Joan of Arc
86%
Who was the first emperor of the Roman Empire? Augustus
81%
What ancient civilization is credited with the construction of Machu Picchu? Inca
76%
Which ancient Greek philosopher was sentenced to death for corrupting the youth of Athens? Socrates
74%
What was the name of the 1215 document that limited the powers of the English king, marking the beginning of constitutional law? The Magna Carta
67%
Which ancient Greek philosopher tutored Alexander the Great? Aristotle
66%
Which battle marked the turning point of the American Civil War in favor of the Union? Gettysburg
64%
Who was the last monarch of the Tudor dynasty in England? Queen Elizabeth I
62%
What was the name of the military alliance formed in 1949 that included the United States, Canada, and Western European nations? NATO
57%
Who was the famous English explorer who was the first to circumnavigate the globe? Sir Francis Drake
52%
Which European country was the first to implement a comprehensive social welfare system in the late 19th century? Germany
32%
What city was the seat of the Holy Roman Empire before its dissolution in 1806? Vienna
25%
What ancient city-state is known for developing the first known written alphabet? Phoenicia
21%
Who was the ruler of the Byzantine Empire at the time of its collapse in 1453? Constantine XI
20%
What 19th-century rebellion in China led by a self-proclaimed "God" resulted in the deaths of millions? Taiping
17%
Which emperor of China commissioned the construction of the Terracotta Army? Emperor Qin Shi Huang
16%
Which ancient civilization was centered around the Tigris and Euphrates rivers and is often credited with inventing writing? Sumeria
16%
Who was the ruler of the Mongol Empire immediately following Genghis Khan's death? Ögedei Khan
14%
Which pharaoh is credited with commissioning the Great Sphinx of Giza? Pharaoh Khafre
3%
No matching quizzes found
Score Distribution
Percent of People with Each Score
Percentile by Number Answered
Your Score History
You have not taken this quiz